Эффективность применения алгоритмов поиска в глубину и поиска в ширину для нахождения h-кратных покрытий матрицы; Перспективы развития фундаментальных наук; Т. 3 : Математика
| Parent link: | Перспективы развития фундаментальных наук=Prospects of Fundamental Sciences Development: сборник научных трудов XIV Международной конференции студентов, аспирантов и молодых ученых, г. Томск, 25-28 апреля 2017 г./ Национальный исследовательский Томский политехнический университет (ТПУ) ; под ред. И. А. Курзиной, Г. А. Вороновой.— , 2017 Т. 3 : Математика.— 2017.— [С.107-109] |
|---|---|
| Glavni autor: | |
| Autor kompanije: | |
| Daljnji autori: | |
| Sažetak: | Заглавие с экрана Depth-first and breadth-first approaches for solving of matrix coverage problem are briefly presented. Test environment and test approach are described. The comparison of both algorithms performance are given and discussed. Plans for future investigations are proposed. |
| Jezik: | ruski |
| Izdano: |
2017
|
| Teme: | |
| Online pristup: | http://earchive.tpu.ru/handle/11683/41400 |
| Format: | Elektronički Poglavlje knjige |
| KOHA link: | https://koha.lib.tpu.ru/cgi-bin/koha/opac-detail.pl?biblionumber=622786 |
MARC
| LEADER | 00000naa2a2200000 4500 | ||
|---|---|---|---|
| 001 | 622786 | ||
| 005 | 20231101133229.0 | ||
| 035 | |a (RuTPU)RU\TPU\conf\21602 | ||
| 035 | |a RU\TPU\conf\21601 | ||
| 090 | |a 622786 | ||
| 100 | |a 20170710d2017 k y0rusy50 ca | ||
| 101 | 0 | |a rus |d eng | |
| 102 | |a RU | ||
| 105 | |a y z 100zy | ||
| 135 | |a drcn ---uucaa | ||
| 181 | 0 | |a i | |
| 182 | 0 | |a b | |
| 200 | 1 | |a Эффективность применения алгоритмов поиска в глубину и поиска в ширину для нахождения h-кратных покрытий матрицы |d Efficiency of depth-first and breadth-first approaches for solving of matrix coverage problem |f А. В. Ямшанов |g науч. рук. А. Е. Янковская | |
| 203 | |a Текст |c электронный | ||
| 230 | |a 1 компьютерный файл (pdf; 202 Kb) | ||
| 300 | |a Заглавие с экрана | ||
| 320 | |a [Библиогр.: с. 109 (6 назв.)] | ||
| 330 | |a Depth-first and breadth-first approaches for solving of matrix coverage problem are briefly presented. Test environment and test approach are described. The comparison of both algorithms performance are given and discussed. Plans for future investigations are proposed. | ||
| 461 | 1 | |0 (RuTPU)RU\TPU\conf\21388 |t Перспективы развития фундаментальных наук |l Prospects of Fundamental Sciences Development |o сборник научных трудов XIV Международной конференции студентов, аспирантов и молодых ученых, г. Томск, 25-28 апреля 2017 г. |o в 7 т. |f Национальный исследовательский Томский политехнический университет (ТПУ) ; под ред. И. А. Курзиной, Г. А. Вороновой |d 2017 | |
| 463 | 1 | |0 (RuTPU)RU\TPU\conf\21391 |t Т. 3 : Математика |v [С.107-109] |d 2017 | |
| 510 | 1 | |a Efficiency of depth-first and breadth-first approaches for solving of matrix coverage problem |z eng | |
| 610 | 1 | |a труды учёных ТПУ | |
| 610 | 1 | |a электронный ресурс | |
| 610 | 1 | |a генетические алгоритмы | |
| 610 | 1 | |a ненулевые значения | |
| 610 | 1 | |a алгоритмы | |
| 610 | 1 | |a локальные минимумы | |
| 610 | 1 | |a комбинации | |
| 700 | 1 | |a Ямшанов |b А. В. | |
| 702 | 1 | |a Янковская |b А. Е. |c специалист в области электротехники |c профессор Томского политехнического университета, доктор технических наук |f 1939- |g Анна Ефимовна |2 stltpush |4 727 | |
| 712 | 0 | 2 | |a Национальный исследовательский Томский политехнический университет (ТПУ) |c (2009- ) |2 stltpush |3 (RuTPU)RU\TPU\col\15902 |
| 801 | 2 | |a RU |b 63413507 |c 20170718 |g RCR | |
| 856 | 4 | |u http://earchive.tpu.ru/handle/11683/41400 | |
| 942 | |c BK | ||